Δικτύωση υπολογιστών : προσέγγιση από πάνω προς τα κάτω

Αποθηκεύτηκε σε:
Λεπτομέρειες βιβλιογραφικής εγγραφής
Κύριοι συγγραφείς: Kurose, James F., Ross, Keith W. 1956- (Συγγραφέας)
Άλλοι συγγραφείς: Σαμαράς, Γιάννης Β. (Μεταφραστής)
Μορφή: Βιβλίο
Γλώσσα:Greek
English
Δημοσίευση: Αθήνα : Γκιούρδας, 2018.
Έκδοση:7η έκδ.
Θέματα:
Ετικέτες: Προσθήκη ετικέτας
Δεν υπάρχουν, Καταχωρήστε ετικέτα πρώτοι!

MARC

LEADER 00000cam a2200000 i 4500
001 1/120839
008 200207s2018 gr ||| gre||
020 |a 9789605127022  
040 |a GR-MY-UA  |b gre  |e aacr 
041 1 |a gre  |h eng 
082 0 |a 004.678   |2 (23)  
100 1 |a Kurose, James F. 
245 1 0 |a Δικτύωση υπολογιστών :   |b προσέγγιση από πάνω προς τα κάτω /   |c James F. Kurose, Keith W. Ross ; απόδοση Γιάννης Β. Σαμαράς.  
250 |a 7η έκδ.  
260 |a Αθήνα :   |b Γκιούρδας,   |c 2018.  
300 |a xxv, 806 σ. :   |b εικ., πιν. ;   |c 24 εκ.  
504 |a Βιβλιογραφία: σ. [741]-782. Ευρετήριο.  
534 |3 Μετάφραση του :   |a Computer networking.  
650 0 0 |a Internet. 
650 0 0 |a Computer networks. 
700 1 |a Ross, Keith W.  |d 1956-  |e aut 
700 1 |a Σαμαράς, Γιάννης Β.  |e trl 
767 0 8 |i Μετάφραση του :   |t Computer networking : 
852 |a INST  |b SAMOS  |c EUDOXUS  |e 20200207  |h 004.678 KUR  |p 005300046320  |q 005300046320  |t EDX  |y 0 
920 |a Εύδοξος  |b Παραγγελία  |y Σάμος-ΤΜΠΕΣ  |z 2020-01 
970 |a Κοσιέρης   |b Χρήστος  |z 07-02-2020